| 000 | 01147pam a2200337 i 4500 | ||
|---|---|---|---|
| 999 |
_c1832 _d1832 |
||
| 001 | 018420400 | ||
| 003 | Uk | ||
| 005 | 20230202094931.0 | ||
| 008 | 170518s2017 enka j 000|1|eng|d | ||
| 015 |
_aGBB7B9953 _2bnb |
||
| 016 | 7 |
_a018420400 _2Uk |
|
| 020 |
_a9781847808967 _qhardback |
||
| 040 |
_aStDuBDS _beng _cStDuBDS _dUk _dKH8 _erda |
||
| 042 | _aukblcatcopy | ||
| 082 | 0 | 4 |
_a823.914 LEN _223 |
| 100 | 1 |
_aLennon, John, _d1940-1980, _eauthor. |
|
| 245 | 1 | 0 |
_aImagine / _cJohn Lennon, Jean Jullien ; with a foreword from Yoko Ono Lennon. |
| 264 | 1 |
_aLondon : _bFrances Lincoln Children's Books in association with Amnesty International UK, _c2017. |
|
| 300 |
_a32 unnumbered pages : _bchiefly illustrations (colour) ; _c29 cm |
||
| 336 |
_atext _2rdacontent |
||
| 336 |
_astill image _2rdacontent |
||
| 337 |
_aunmediated _2rdamedia |
||
| 338 |
_avolume _2rdacarrier |
||
| 500 |
_aFormerly CIP. _5Uk |
||
| 655 | 0 | _aStories in rhyme. | |
| 655 | 7 |
_aChildren's stories _vPictorial works. _2gsafd |
|
| 700 | 1 |
_aJullien, Jean, _eartist. |
|
| 700 | 1 |
_aOno, Yōko, _ewriter of foreword. |
|
| 710 | 2 | _aAmnesty International. | |
| 942 |
_2ddc _cNFIC |
||